ბათუმის შოთა რუსთაველის სახელმწიფო უნივერსიტეტის ბიბლიოთეკა

ადვოკატი მეოხი. №1-2. 2012 (ბიბ.ჩანაწერი № 41186)

000 -LEADER
fixed length control field 00754nam a2200181Ia 4500
001 - CONTROL NUMBER
control field 7837
003 - CONTROL NUMBER IDENTIFIER
control field GE_BSU
008 - FIXED-LENGTH DATA ELEMENTS--GENERAL INFORMATION
fixed length control field 181216s||||||||xx |||||||||||||| ||und||
040 ## - CATALOGING SOURCE
Transcribing agency GE_BSU
245 ## - TITLE STATEMENT
Title ადვოკატი მეოხი. №1-2. 2012
245 ## - TITLE STATEMENT
Remainder of title საქართველოს სამოქალაქო კოდექსი.საქართველოს სამოქალაქო საპროცესო კოდექსი
245 ## - TITLE STATEMENT
Statement of responsibility, etc. მთ.რედ.თემურ გოქსაძე
260 ## - PUBLICATION, DISTRIBUTION, ETC.
Date of publication, distribution, etc. 2012
300 ## - PHYSICAL DESCRIPTION
Extent 294გვ.
653 ## - INDEX TERM--UNCONTROLLED
Uncontrolled term ადვოკატი მეოხი
653 ## - INDEX TERM--UNCONTROLLED
Uncontrolled term საქართველოს სამოქალაქო კოდექსი
942 ## - ADDED ENTRY ELEMENTS (KOHA)
Koha item type პერიოდიკა
ეგზემპლარები
Withdrawn status Lost status Damaged status Not for loan Date acquired Barcode Date last seen Price effective from Koha item type
        2018-12-17 p75833 2018-12-17 2018-12-17 პერიოდიკა